000 00354nam a22001457a 4500
003 MACL
005 20200704155037.0
008 200704b xxu||||| |||| 00| 0 eng d
040 _cMACL
100 _aKumar , Prashant
_978836
245 _aGopal Krishna Gokhale
260 _aDelhi
_bDeepak Book
_c2019
650 _abiography
_978837
942 _2ddc
_cBK
999 _c62547
_d62547